000 00954nam a22003257a 4500
001 BR7200499
003 BR-BrBNA
005 20230928083804.0
007 ta
008 230509b bl.||||| |||| 00| 0 por d
040 _aBR-BrBNA
_bpor
_cBiblioteca Nacional de Agricultura
041 _a(Por)
072 _aH10
_b4020
_b3877
_b/G514
090 _ 4020 BR7200499
100 1 _aAlbuquerque, N.V. de
100 1 _aSoares, A.A.G.
100 1 _aDias, A.A.R.
110 1 _aSecretaria da Agricultura do Maranhao, Sao Luis (Brasil)
_98255
245 1 _aPragas e meios de controle das principais culturas do Estado do Maranhao [Inseto; Inseticida; Brasil]
260 3 _aSao Luis, MA (Brasil):
_c[nd].
300 _a17 p.
500 _aPublished after 1971
650 _aPraga de planta
650 _aInseto
650 _aInseticida
650 _aControle quimico
650 _aMaranhao
909 _a202309
_bLucia
_c55
_dLucia Elande
942 _cBK
999 _c15241
_d15241